| 000 | 00471nam a22001697a 4500 | ||
|---|---|---|---|
| 003 | BD-ChCU | ||
| 005 | 20251110112038.0 | ||
| 008 | 251110b bg ||||| |||| 00| 0 ben d | ||
| 040 | _cBD-ChCU | ||
| 082 | _a352.000942 SNH | ||
| 100 |
_aSnape, Wilfrid H. _915810 |
||
| 245 |
_aHow to find out about local government.// _cWilfrid H. Snape. |
||
| 260 |
_aOxford. _bPergamon Press _c1969 |
||
| 300 | _axv, 173p | ||
| 650 | 0 |
_aLocal government. _915812 |
|
| 942 |
_2ddc _cBK _n0 |
||
| 999 |
_c109247 _d109247 |
||